[Event "Eurasia Open Cup 2019"]
[Site "Ekaterinburg"]
[Date "2019.08.03"]
[Round "4.12"]
[White "Isaev, Anton"]
[Black "Bocharov, Dmitry"]
[Result "0-1"]
[WhiteElo "2191"]
[BlackElo "2506"]
[Annotator "ChessBase"]
[PlyCount "60"]
[EventDate "2019.07.31"]
[EventType "swiss"]
[EventCountry "RUS"]
[SourceTitle "playchess.com"]
[Source "ChessBase"]
[SourceQuality "1"]
[TimeControl "5400+30"]

1. Nf3 {[%emt 0:00:00]} c5 {[%emt 0:00:00]} 2. e3 {[%emt 0:00:00]} g6 {[%emt 0:00:33]} 3. c4 {[%emt 0:00:00]} Bg7 {[%emt 0:00:16]} 4. Nc3 {[%emt 0:00:05]} Nf6 {[%emt 0:00:43]} 5. d4 {[%emt 0:00:06]} O-O {[%emt 0:00:41]} 6. Be2 {[%emt 0:00:08]} cxd4 {[%emt 0:03:39]} 7. Nxd4 {[%emt 0:00:30]} Nc6 {[%emt 0:00:47]} 8. O-O {[%emt 0:00:21]} d5 {[%emt 0:00:00]} 9. Nxc6 {[%emt 0:02:46]} bxc6 {[%emt 0:00:20]} 10. Qa4 {[%emt 0:00:04]} Qb6 {[%emt 0:07:29]} 11. Rd1 {[%emt 0:01:54]} Rd8 {[%emt 0:02:44]} 12. Bd2 {[%emt 0:02:55]} Bf5 {[%emt 0:06:34]} 13. cxd5 {[%emt 0:05:34]} cxd5 {[%emt 0:01:08]} 14. Qa3 {[%emt 0:04:14]} Ne4 {[%emt 0:20:32]} 15. Na4 {[%emt 0:08:33]} Qb7 {[%emt 0:02:20]} 16. Ba5 {[%emt 0:04:24]} Rdc8 {[%emt 0:00:47]} 17. Rac1 {[%emt 0:05:45]} Rxc1 {[%emt 0:14:05]} 18. Rxc1 {[%emt 0:00:08]} Rc8 {[%emt 0:00:07]} 19. b4 {[%emt 0:13:53]} d4 {[%emt 0:10:11]} 20. Nc5 {[%emt 0:11:14]} Nxc5 {[%emt 0:00:00]} 21. bxc5 {[%emt 0:00:33]} d3 {[%emt 0:01:53]} 22. Bf3 {[%emt 0:04:21]} Qb2 {[%emt 0:04:48]} 23. Qxb2 {[%emt 0:03:45]} Bxb2 {[%emt 0:00:43]} 24. Rd1 {[%emt 0:00:20]} Rxc5 {[%emt 0:01:10]} 25. Bb4 {[%emt 0:00:06]} Rc1 {[%emt 0:01:55]} 26. g4 {[%emt 0:00:31]} Be6 {[%emt 0:04:57]} 27. Kg2 {[%emt 0:06:54]} Rxd1 {[%emt 0:00:39]} 28. Bxd1 {[%emt 0:00:50]} Bxa2 {[%emt 0:00:52]} 29. Bxe7 {[%emt 0:00:06]} Bb1 {[%emt 0:00:11]} 30. Bf3 {[%emt 0:00:04]} a5 {[%emt 0:00:17]} 0-1

[Event "Eurasia Open Cup 2019"]
[Site "Ekaterinburg"]
[Date "2019.08.03"]
[Round "4.13"]
[White "Burmakin, Vladimir"]
[Black "Bublei, Pavel"]
[Result "1-0"]
[WhiteElo "2506"]
[BlackElo "2353"]
[Annotator "ChessBase"]
[PlyCount "67"]
[EventDate "2019.07.31"]
[EventType "swiss"]
[EventCountry "RUS"]
[SourceTitle "playchess.com"]
[Source "ChessBase"]
[SourceQuality "1"]
[TimeControl "5400+30"]

1. d4 {[%emt 0:00:00]} Nf6 {[%emt 0:08:27]} 2. c4 {[%emt 0:01:00]} e6 {[%emt 0:00:10]} 3. Nf3 {[%emt 0:00:31]} b6 {[%emt 0:05:34]} 4. g3 {[%emt 0:00:35]} Bb7 {[%emt 0:00:11]} 5. Bg2 {[%emt 0:00:05]} Bb4+ {[%emt 0:00:05]} 6. Bd2 {[%emt 0:01:25]} Bxd2+ {[%emt 0:00:30]} 7. Nbxd2 {[%emt 0:00:56]} c5 {[%emt 0:00:30]} 8. O-O {[%emt 0:01:31]} O-O {[%emt 0:00:36]} 9. Rc1 {[%emt 0:01:41]} Qc7 {[%emt 0:14:27]} 10. Nb1 {[%emt 0:00:45]} cxd4 {[%emt 0:00:52]} 11. Qxd4 {[%emt 0:00:15]} Nc6 {[%emt 0:00:10]} 12. Qh4 {[%emt 0:04:56]} Ne5 {[%emt 0:06:45]} 13. Nxe5 {[%emt 0:36:38]} Bxg2 {[%emt 0:00:10]} 14. Nxd7 {[%emt 0:00:24]} Bxf1 {[%emt 0:04:06]} 15. Nxf8 {[%emt 0:00:05]} Bxe2 {[%emt 0:09:43]} 16. Nxh7 {[%emt 0:00:10]} Nxh7 {[%emt 0:01:40]} 17. Qe4 {[%emt 0:00:05]} Rd8 {[%emt 0:27:53]} 18. Qxe2 {[%emt 0:00:05]} Rd4 {[%emt 0:00:00]} 19. h4 {[%emt 0:00:15]} g5 {[%emt 0:00:01]} 20. Nd2 {[%emt 0:17:34]} gxh4 {[%emt 0:06:21]} 21. Nf3 {[%emt 0:00:23]} Rg4 {[%emt 0:07:28]} 22. Nxh4 {[%emt 0:01:30]} Nf6 {[%emt 0:00:18]} 23. b3 {[%emt 0:00:41]} Qc5 {[%emt 0:00:05]} 24. Rc3 {[%emt 0:01:06]} Qg5 {[%emt 0:01:06]} 25. Nf3 {[%emt 0:01:16]} Qf5 {[%emt 0:01:40]} 26. Rd3 {[%emt 0:01:17]} Re4 {[%emt 0:00:29]} 27. Re3 {[%emt 0:06:16]} Rxe3 {[%emt 0:01:48]} 28. Qxe3 {[%emt 0:00:11]} Ne4 {[%emt 0:00:44]} 29. Kg2 {[%emt 0:00:04]} Kf8 {[%emt 0:00:37]} 30. Nd4 {[%emt 0:02:45]} Qg4 {[%emt 0:00:30]} 31. Qh6+ {[%emt 0:00:51]} Ke8 {[%emt 0:00:32]} 32. Qh4 {[%emt 0:03:55]} Qg6 {[%emt 0:01:12]} 33. Nc6 {[%emt 0:00:16]} Ng5 {[%emt 0:00:29]} 34. Qh8+ {[%emt 0:00:13]} 1-0

[Event "Eurasia Open Cup 2019"]
[Site "Ekaterinburg"]
[Date "2019.08.03"]
[Round "4.14"]
[White "Guseva, Marina"]
[Black "Kezin, Roman"]
[Result "1-0"]
[WhiteElo "2379"]
[BlackElo "2470"]
[Annotator "ChessBase"]
[PlyCount "159"]
[EventDate "2019.07.31"]
[EventType "swiss"]
[EventCountry "RUS"]
[SourceTitle "playchess.com"]
[Source "ChessBase"]
[SourceQuality "1"]
[TimeControl "5400+30"]

1. d4 {[%emt 0:00:00]} Nf6 {[%emt 0:00:41]} 2. c4 {[%emt 0:00:00]} e6 {[%emt 0:00:00]} 3. Nf3 {[%emt 0:00:00]} d5 {[%emt 0:00:11]} 4. Nc3 {[%emt 0:00:00]} c6 {[%emt 0:00:15]} 5. e3 {[%emt 0:00:00]} Nbd7 {[%emt 0:00:25]} 6. Qc2 {[%emt 0:00:00]} Bd6 {[%emt 0:01:50]} 7. b3 {[%emt 0:00:00]} O-O {[%emt 0:00:45]} 8. Bb2 {[%emt 0:00:08]} Qe7 {[%emt 0:09:29]} 9. Be2 {[%emt 0:00:00]} b6 {[%emt 0:01:49]} 10. O-O {[%emt 0:02:10]} Bb7 {[%emt 0:00:05]} 11. e4 {[%emt 0:01:30]} dxe4 {[%emt 0:03:59]} 12. Nxe4 {[%emt 0:00:05]} Nxe4 {[%emt 0:02:54]} 13. Qxe4 {[%emt 0:00:08]} Nf6 {[%emt 0:02:32]} 14. Qh4 {[%emt 0:06:15]} c5 {[%emt 0:00:54]} 15. dxc5 {[%emt 0:00:14]} Bxc5 {[%emt 0:00:00]} 16. Rad1 {[%emt 0:00:54]} Rad8 {[%emt 0:01:30]} 17. Ne5 {[%emt 0:08:34]} Ne4 {[%emt 0:41:43]} 18. Qxe7 {[%emt 0:01:36]} Bxe7 {[%emt 0:00:05]} 19. Rxd8 {[%emt 0:11:30]} Rxd8 {[%emt 0:02:33]} 20. Rd1 {[%emt 0:00:04]} Rxd1+ {[%emt 0:02:39]} 21. Bxd1 {[%emt 0:00:04]} f6 {[%emt 0:03:27]} 22. Nd3 {[%emt 0:00:14]} Kf7 {[%emt 0:08:50]} 23. Bc2 {[%emt 0:02:01]} g6 {[%emt 0:06:47]} 24. f3 {[%emt 0:00:24]} Nd6 {[%emt 0:02:13]} 25. c5 {[%emt 0:03:22]} Nf5 {[%emt 0:01:09]} 26. cxb6 {[%emt 0:00:39]} axb6 {[%emt 0:00:01]} 27. Kf2 {[%emt 0:00:58]} e5 {[%emt 0:00:16]} 28. b4 {[%emt 0:17:26]} Bd5 {[%emt 0:03:45]} 29. a3 {[%emt 0:00:29]} Nd6 {[%emt 0:00:21]} 30. Ke2 {[%emt 0:06:21]} h5 {[%emt 0:02:04]} 31. Nf2 {[%emt 0:00:47]} Nc4 {[%emt 0:00:59]} 32. Bc1 {[%emt 0:00:07]} f5 {[%emt 0:00:33]} 33. Nd1 {[%emt 0:00:45]} Be6 {[%emt 0:00:38]} 34. Ne3 {[%emt 0:01:09]} Nd6 {[%emt 0:00:35]} 35. Bb2 {[%emt 0:00:39]} e4 {[%emt 0:00:55]} 36. fxe4 {[%emt 0:01:28]} Nxe4 {[%emt 0:00:00]} 37. Bd3 {[%emt 0:04:52]} Bd6 {[%emt 0:00:00]} 38. h3 {[%emt 0:04:25]} Ng3+ {[%emt 0:00:41]} 39. Kf3 {[%emt 0:02:16]} Bc7 {[%emt 0:00:53]} 40. Bd4 {[%emt 0:07:13]} f4 {[%emt 0:00:27]} 41. Nc4 {[%emt 0:00:21]} Bd5+ {[%emt 0:00:09]} 42. Kf2 {[%emt 0:00:25]} Ne4+ {[%emt 0:01:22]} 43. Kg1 {[%emt 0:05:54]} f3 {[%emt 0:00:30]} 44. Bxb6 {[%emt 0:04:22]} Bb8 {[%emt 0:00:33]} 45. Bxe4 {[%emt 0:00:35]} Bxe4 {[%emt 0:00:01]} 46. Nd2 {[%emt 0:00:35]} Bd3 {[%emt 0:00:44]} 47. Nxf3 {[%emt 0:00:00]} Ke6 {[%emt 0:00:00]} 48. Bc5 {[%emt 0:01:58]} Kd5 {[%emt 0:00:00]} 49. a4 {[%emt 0:00:09]} Bg3 {[%emt 0:00:00]} 50. a5 {[%emt 0:03:37]} Bc7 {[%emt 0:01:13]} 51. Kf2 {[%emt 0:00:59]} Bxa5 {[%emt 0:01:00]} 52. bxa5 {[%emt 0:00:00]} Kxc5 {[%emt 0:00:33]} 53. h4 {[%emt 0:00:32]} Kb5 {[%emt 0:00:55]} 54. Ke3 {[%emt 0:00:04]} Bf1 {[%emt 0:00:00]} 55. g3 {[%emt 0:00:08]} Kxa5 {[%emt 0:00:03]} 56. Ne5 {[%emt 0:00:05]} Kb5 {[%emt 0:01:08]} 57. Nxg6 {[%emt 0:00:36]} Kc5 {[%emt 0:00:00]} 58. Nf4 {[%emt 0:00:00]} Kd6 {[%emt 0:00:27]} 59. Nxh5 {[%emt 0:00:00]} Ke5 {[%emt 0:00:05]} 60. Kf3 {[%emt 0:00:09]} Kf5 {[%emt 0:00:19]} 61. g4+ {[%emt 0:01:32]} Ke5 {[%emt 0:01:50]} 62. Nf4 {[%emt 0:00:17]} Bb5 {[%emt 0:00:00]} 63. Ke3 {[%emt 0:02:19]} Bf1 {[%emt 0:00:46]} 64. Nd3+ {[%emt 0:00:06]} Kf6 {[%emt 0:00:11]} 65. Ne1 {[%emt 0:00:04]} Kg6 {[%emt 0:01:09]} 66. Kf4 {[%emt 0:00:05]} Be2 {[%emt 0:00:00]} 67. Nf3 {[%emt 0:00:12]} Bb5 {[%emt 0:00:14]} 68. Nd4 {[%emt 0:00:59]} Ba4 {[%emt 0:00:30]} 69. h5+ {[%emt 0:00:31]} Kh6 {[%emt 0:00:09]} 70. Nf5+ {[%emt 0:00:04]} Kh7 {[%emt 0:00:03]} 71. g5 {[%emt 0:01:36]} Be8 {[%emt 0:00:02]} 72. Kg4 {[%emt 0:00:34]} Bf7 {[%emt 0:00:07]} 73. Ne7 {[%emt 0:01:31]} Be6+ {[%emt 0:00:50]} 74. Kf4 {[%emt 0:00:04]} Bc4 {[%emt 0:00:20]} 75. Kg4 {[%emt 0:01:13]} Be6+ {[%emt 0:00:42]} 76. Kh4 {[%emt 0:00:05]} Bd7 {[%emt 0:00:42]} 77. Ng6 {[%emt 0:00:34]} Kg7 {[%emt 0:00:29]} 78. Ne5 {[%emt 0:00:05]} Ba4 {[%emt 0:01:19]} 79. g6 {[%emt 0:00:11]} Kf6 {[%emt 0:00:05]} 80. Ng4+ {[%emt 0:00:04]} 1-0

[Event "Eurasia Open Cup 2019"]
[Site "Ekaterinburg"]
[Date "2019.08.03"]
[Round "4.15"]
[White "Ulybin, Mikhail"]
[Black "Ovchinnikov, Vsevolod"]
[Result "0-1"]
[WhiteElo "2469"]
[BlackElo "2346"]
[Annotator "ChessBase"]
[PlyCount "98"]
[EventDate "2019.07.31"]
[EventType "swiss"]
[EventCountry "RUS"]
[SourceTitle "playchess.com"]
[Source "ChessBase"]
[SourceQuality "1"]
[TimeControl "5400+30"]

1. e4 {[%emt 0:10:09]} c6 {[%emt 0:00:00]} 2. d4 {[%emt 0:02:05]} d5 {[%emt 0:00:00]} 3. Nd2 {[%emt 0:02:26]} dxe4 {[%emt 0:00:17]} 4. Nxe4 {[%emt 0:00:00]} Bf5 {[%emt 0:00:00]} 5. Ng3 {[%emt 0:01:17]} Bg6 {[%emt 0:00:00]} 6. Bc4 {[%emt 0:06:05]} e6 {[%emt 0:06:06]} 7. Nh3 {[%emt 0:04:49]} Bd6 {[%emt 0:00:57]} 8. c3 {[%emt 0:03:11]} Nd7 {[%emt 0:20:35]} 9. Qf3 {[%emt 0:17:49]} Ngf6 {[%emt 0:06:49]} 10. Nf4 {[%emt 0:01:29]} e5 {[%emt 0:10:26]} 11. Nxg6 {[%emt 0:02:44]} hxg6 {[%emt 0:00:00]} 12. Ne4 {[%emt 0:02:32]} Nb6 {[%emt 0:12:57]} 13. Bg5 {[%emt 0:10:58]} Be7 {[%emt 0:08:57]} 14. Bxf7+ {[%emt 0:22:57]} Kxf7 {[%emt 0:00:03]} 15. dxe5 {[%emt 0:00:00]} Nbd7 {[%emt 0:05:43]} 16. exf6 {[%emt 0:01:38]} Ne5 {[%emt 0:00:14]} 17. Qe2 {[%emt 0:02:32]} gxf6 {[%emt 0:01:41]} 18. Rd1 {[%emt 0:00:13]} Qc7 {[%emt 0:00:02]} 19. Bf4 {[%emt 0:00:35]} Nd3+ {[%emt 0:00:31]} 20. Qxd3 {[%emt 0:00:28]} Qxf4 {[%emt 0:04:18]} 21. h3 {[%emt 0:02:16]} f5 {[%emt 0:01:18]} 22. Nd2 {[%emt 0:03:26]} b5 {[%emt 0:00:31]} 23. O-O {[%emt 0:00:41]} Rad8 {[%emt 0:02:00]} 24. Qf3 {[%emt 0:00:29]} Bd6 {[%emt 0:07:09]} 25. Qxf4 {[%emt 0:00:23]} Bxf4 {[%emt 0:00:06]} 26. Nb3 {[%emt 0:00:36]} Rhe8 {[%emt 0:01:04]} 27. g3 {[%emt 0:00:50]} Bc7 {[%emt 0:00:01]} 28. Rxd8 {[%emt 0:00:17]} Rxd8 {[%emt 0:01:16]} 29. Re1 {[%emt 0:00:49]} Bb6 {[%emt 0:00:09]} 30. Kg2 {[%emt 0:00:08]} a5 {[%emt 0:00:06]} 31. Re2 {[%emt 0:01:00]} Rd1 {[%emt 0:00:32]} 32. Rd2 {[%emt 0:00:03]} Rb1 {[%emt 0:00:13]} 33. Rd7+ {[%emt 0:00:22]} Ke6 {[%emt 0:00:13]} 34. Rb7 {[%emt 0:00:18]} a4 {[%emt 0:06:27]} 35. Rxb6 {[%emt 0:00:17]} axb3 {[%emt 0:04:52]} 36. Rxc6+ {[%emt 0:00:15]} Kd5 {[%emt 0:00:19]} 37. Ra6 {[%emt 0:00:09]} Ra1 {[%emt 0:01:04]} 38. Ra3 {[%emt 0:00:36]} bxa2 {[%emt 0:00:01]} 39. h4 {[%emt 0:01:19]} Kc4 {[%emt 0:00:10]} 40. f3 {[%emt 0:00:09]} Kd3 {[%emt 0:00:21]} 41. Ra5 {[%emt 0:00:58]} Kc2 {[%emt 0:00:09]} 42. g4 {[%emt 0:00:35]} fxg4 {[%emt 0:01:22]} 43. fxg4 {[%emt 0:00:32]} Kxb2 {[%emt 0:00:09]} 44. Rxb5+ {[%emt 0:00:27]} Kxc3 {[%emt 0:01:03]} 45. Ra5 {[%emt 0:00:15]} Kb3 {[%emt 0:00:14]} 46. h5 {[%emt 0:00:05]} gxh5 {[%emt 0:00:11]} 47. gxh5 {[%emt 0:00:26]} Rc1 {[%emt 0:00:02]} 48. Kg3 {[%emt 0:00:57]} Rc4 {[%emt 0:00:01]} 49. h6 {[%emt 0:00:45]} Ra4 {[%emt 0:00:11]} 0-1

[Event "Eurasia Open Cup 2019"]
[Site "Ekaterinburg"]
[Date "2019.08.03"]
[Round "4.16"]
[White "Kozionov, Kirill"]
[Black "Pastukhov, Leonid"]
[Result "1-0"]
[WhiteElo "2454"]
[BlackElo "2215"]
[Annotator "ChessBase"]
[PlyCount "119"]
[EventDate "2019.07.31"]
[EventType "swiss"]
[EventCountry "RUS"]
[SourceTitle "playchess.com"]
[Source "ChessBase"]
[SourceQuality "1"]
[TimeControl "5400+30"]

1. d4 {[%emt 0:00:00]} Nf6 {[%emt 0:00:00]} 2. c4 {[%emt 0:00:00]} e5 {[%emt 0:00:00]} 3. dxe5 {[%emt 0:00:24]} Ng4 {[%emt 0:00:06]} 4. Nf3 {[%emt 0:03:41]} Bc5 {[%emt 0:01:29]} 5. e3 {[%emt 0:00:04]} Nc6 {[%emt 0:00:11]} 6. Be2 {[%emt 0:00:19]} O-O {[%emt 0:00:44]} 7. Nc3 {[%emt 0:00:16]} Ngxe5 {[%emt 0:00:53]} 8. Nxe5 {[%emt 0:00:24]} Nxe5 {[%emt 0:00:00]} 9. O-O {[%emt 0:00:18]} a5 {[%emt 0:03:31]} 10. Na4 {[%emt 0:04:29]} Be7 {[%emt 0:03:40]} 11. b3 {[%emt 0:05:03]} Bf6 {[%emt 0:03:40]} 12. Bb2 {[%emt 0:00:40]} d6 {[%emt 0:00:24]} 13. Qd2 {[%emt 0:01:52]} Bd7 {[%emt 0:05:04]} 14. Nc3 {[%emt 0:00:31]} Ng6 {[%emt 0:00:36]} 15. Rad1 {[%emt 0:04:27]} b6 {[%emt 0:02:47]} 16. Ba3 {[%emt 0:05:42]} Bxc3 {[%emt 0:07:05]} 17. Qxc3 {[%emt 0:00:32]} Bc6 {[%emt 0:02:17]} 18. Bb2 {[%emt 0:01:25]} f6 {[%emt 0:00:00]} 19. Rfe1 {[%emt 0:10:11]} Qe7 {[%emt 0:00:35]} 20. e4 {[%emt 0:04:37]} Rae8 {[%emt 0:05:35]} 21. Bf1 {[%emt 0:01:10]} Qe5 {[%emt 0:00:31]} 22. f3 {[%emt 0:01:15]} Nh4 {[%emt 0:02:48]} 23. Qd2 {[%emt 0:01:56]} Qg5 {[%emt 0:09:55]} 24. Qxg5 {[%emt 0:21:41]} fxg5 {[%emt 0:02:09]} 25. e5 {[%emt 0:04:04]} dxe5 {[%emt 0:00:38]} 26. Rxe5 {[%emt 0:00:02]} h6 {[%emt 0:00:19]} 27. Rde1 {[%emt 0:01:13]} Kf7 {[%emt 0:20:47]} 28. Rxe8 {[%emt 0:00:27]} Rxe8 {[%emt 0:05:19]} 29. Rxe8 {[%emt 0:05:19]} Bxe8 {[%emt 0:03:47]} 30. Be5 {[%emt 0:00:00]} c6 {[%emt 0:07:40]} 31. Bc7 {[%emt 0:00:00]} b5 {[%emt 0:00:19]} 32. Bxa5 {[%emt 0:00:00]} Bd7 {[%emt 0:00:08]} 33. Bb6 {[%emt 0:00:12]} Ke6 {[%emt 0:01:09]} 34. Kf2 {[%emt 0:02:02]} Kd6 {[%emt 0:00:46]} 35. Bd4 {[%emt 0:02:06]} Nf5 {[%emt 0:00:55]} 36. Bc3 {[%emt 0:00:48]} g6 {[%emt 0:01:09]} 37. g4 {[%emt 0:01:58]} Ne7 {[%emt 0:00:54]} 38. Bg7 {[%emt 0:01:12]} h5 {[%emt 0:02:35]} 39. h3 {[%emt 0:00:31]} bxc4 {[%emt 0:00:39]} 40. bxc4 {[%emt 0:01:17]} Ke6 {[%emt 0:01:52]} 41. Bd3 {[%emt 0:00:00]} Kf7 {[%emt 0:00:24]} 42. Bd4 {[%emt 0:00:57]} Be6 {[%emt 0:02:04]} 43. Ke3 {[%emt 0:01:37]} Ng8 {[%emt 0:01:03]} 44. Be5 {[%emt 0:00:13]} Ke7 {[%emt 0:00:09]} 45. Kd4 {[%emt 0:00:26]} Kd7 {[%emt 0:01:14]} 46. Bxg6 {[%emt 0:01:23]} hxg4 {[%emt 0:01:48]} 47. hxg4 {[%emt 0:00:39]} Nh6 {[%emt 0:01:09]} 48. Bf6 {[%emt 0:00:00]} Kd6 {[%emt 0:00:47]} 49. Bxg5 {[%emt 0:00:56]} c5+ {[%emt 0:00:00]} 50. Kc3 {[%emt 0:00:53]} Nf7 {[%emt 0:00:54]} 51. Bf4+ {[%emt 0:01:44]} Kd7 {[%emt 0:00:11]} 52. Be4 {[%emt 0:00:05]} Nd8 {[%emt 0:00:13]} 53. Bd5 {[%emt 0:01:30]} Nc6 {[%emt 0:00:46]} 54. Bxe6+ {[%emt 0:04:02]} Kxe6 {[%emt 0:00:07]} 55. Be3 {[%emt 0:02:19]} Ne5 {[%emt 0:00:02]} 56. Bxc5 {[%emt 0:00:24]} Nxf3 {[%emt 0:00:07]} 57. Be3 {[%emt 0:00:13]} Ne5 {[%emt 0:00:53]} 58. g5 {[%emt 0:00:43]} Kf5 {[%emt 0:00:07]} 59. Bc1 {[%emt 0:00:00]} Nf7 {[%emt 0:01:30]} 60. a4 {[%emt 0:00:19]} 1-0

[Event "Eurasia Open Cup 2019"]
[Site "Ekaterinburg"]
[Date "2019.08.03"]
[Round "4.17"]
[White "Garifullina, Leya"]
[Black "Khanin, Semen"]
[Result "1/2-1/2"]
[WhiteElo "2268"]
[BlackElo "2517"]
[Annotator "ChessBase"]
[PlyCount "77"]
[EventDate "2019.07.31"]
[EventType "swiss"]
[EventCountry "RUS"]
[SourceTitle "playchess.com"]
[Source "ChessBase"]
[SourceQuality "1"]
[TimeControl "5400+30"]

1. e4 {[%emt 0:00:00]} c5 {[%emt 0:00:00]} 2. Nf3 {[%emt 0:00:00]} Nc6 {[%emt 0:00:00]} 3. Bb5 {[%emt 0:00:00]} g6 {[%emt 0:00:00]} 4. Bxc6 {[%emt 0:00:00]} dxc6 {[%emt 0:00:00]} 5. d3 {[%emt 0:00:00]} Bg7 {[%emt 0:00:00]} 6. h3 {[%emt 0:00:00]} Nf6 {[%emt 0:00:00]} 7. Nc3 {[%emt 0:00:00]} Nd7 {[%emt 0:00:00]} 8. Be3 {[%emt 0:00:00]} e5 {[%emt 0:00:00]} 9. O-O {[%emt 0:00:07]} b6 {[%emt 0:00:00]} 10. Nh2 {[%emt 0:00:05]} Nf8 {[%emt 0:00:00]} 11. f4 {[%emt 0:00:05]} exf4 {[%emt 0:00:00]} 12. Bxf4 {[%emt 0:00:55]} Ne6 {[%emt 0:00:57]} 13. Bg3 {[%emt 0:01:24]} O-O {[%emt 0:12:54]} 14. Nf3 {[%emt 0:01:10]} Nd4 {[%emt 0:01:54]} 15. Qd2 {[%emt 0:07:05]} f5 {[%emt 0:04:43]} 16. exf5 {[%emt 0:01:12]} Bxf5 {[%emt 0:00:19]} 17. Nxd4 {[%emt 0:05:40]} Qxd4+ {[%emt 0:00:15]} 18. Kh1 {[%emt 0:01:16]} Rae8 {[%emt 0:04:51]} 19. Rad1 {[%emt 0:05:14]} Qb4 {[%emt 0:11:39]} 20. Qc1 {[%emt 0:07:31]} Bxc3 {[%emt 0:03:26]} 21. bxc3 {[%emt 0:00:15]} Qxc3 {[%emt 0:00:08]} 22. Be1 {[%emt 0:05:33]} Qd4 {[%emt 0:02:56]} 23. Bf2 {[%emt 0:01:58]} Qd5 {[%emt 0:02:13]} 24. c4 {[%emt 0:00:27]} Qd7 {[%emt 0:00:08]} 25. Kg1 {[%emt 0:05:19]} Bxd3 {[%emt 0:08:13]} 26. Qc3 {[%emt 0:06:13]} Rd8 {[%emt 0:00:16]} 27. Rfe1 {[%emt 0:01:12]} Qf5 {[%emt 0:12:15]} 28. Be3 {[%emt 0:07:29]} Rd7 {[%emt 0:16:09]} 29. Bh6 {[%emt 0:08:17]} Qf6 {[%emt 0:07:17]} 30. Qc1 {[%emt 0:08:50]} Qf2+ {[%emt 0:06:13]} 31. Kh2 {[%emt 0:00:59]} Rfd8 {[%emt 0:00:01]} 32. Qg5 {[%emt 0:05:56]} Qf5 {[%emt 0:00:44]} 33. Qg3 {[%emt 0:00:26]} Bxc4 {[%emt 0:02:39]} 34. Re5 {[%emt 0:00:35]} Qf7 {[%emt 0:00:42]} 35. Rde1 {[%emt 0:00:33]} Rd3 {[%emt 0:04:09]} 36. Qh4 {[%emt 0:01:35]} R3d4 {[%emt 0:00:14]} 37. Qg3 {[%emt 0:01:17]} Rd3 {[%emt 0:01:22]} 38. Qh4 {[%emt 0:00:38]} R3d4 {[%emt 0:00:46]} 39. Qg3 {[%emt 0:00:00]} 1/2-1/2

[Event "Eurasia Open Cup 2019"]
[Site "Ekaterinburg"]
[Date "2019.08.03"]
[Round "4.18"]
[White "Drygalov, Andrey"]
[Black "Zasukhin, Vadim"]
[Result "1-0"]
[WhiteElo "2494"]
[BlackElo "2249"]
[Annotator "ChessBase"]
[PlyCount "91"]
[EventDate "2019.07.31"]
[EventType "swiss"]
[EventCountry "RUS"]
[SourceTitle "playchess.com"]
[Source "ChessBase"]
[SourceQuality "1"]
[TimeControl "5400+30"]

1. e4 {[%emt 0:00:00]} d5 {[%emt 0:00:00]} 2. exd5 {[%emt 0:00:00]} Qxd5 {[%emt 0:00:00]} 3. Nc3 {[%emt 0:00:00]} Qd6 {[%emt 0:00:00]} 4. d4 {[%emt 0:00:00]} Nf6 {[%emt 0:00:00]} 5. Nf3 {[%emt 0:00:00]} g6 {[%emt 0:00:00]} 6. Nb5 {[%emt 0:00:10]} Qb6 {[%emt 0:00:02]} 7. a4 {[%emt 0:00:15]} c6 {[%emt 0:00:00]} 8. a5 {[%emt 0:00:36]} Qd8 {[%emt 0:00:00]} 9. Nc3 {[%emt 0:00:05]} Bg7 {[%emt 0:00:12]} 10. Bc4 {[%emt 0:00:07]} O-O {[%emt 0:00:51]} 11. h3 {[%emt 0:00:39]} Bf5 {[%emt 0:01:16]} 12. Nh4 {[%emt 0:05:22]} Bxc2 {[%emt 0:09:32]} 13. Qxc2 {[%emt 0:00:54]} Qxd4 {[%emt 0:00:02]} 14. Ra4 {[%emt 0:00:40]} e6 {[%emt 0:05:07]} 15. Nf3 {[%emt 0:02:26]} Qd8 {[%emt 0:00:14]} 16. O-O {[%emt 0:01:46]} Nbd7 {[%emt 0:00:03]} 17. Ra1 {[%emt 0:01:44]} Nd5 {[%emt 0:00:12]} 18. Bg5 {[%emt 0:16:21]} Qc7 {[%emt 0:02:48]} 19. Qd2 {[%emt 0:06:43]} Ne5 {[%emt 0:04:06]} 20. Nxe5 {[%emt 0:02:44]} Qxe5 {[%emt 0:00:40]} 21. Rfe1 {[%emt 0:00:43]} Qc7 {[%emt 0:00:22]} 22. Bxd5 {[%emt 0:01:53]} cxd5 {[%emt 0:00:36]} 23. Bh6 {[%emt 0:00:38]} Bxh6 {[%emt 0:00:24]} 24. Qxh6 {[%emt 0:00:06]} Rfc8 {[%emt 0:00:22]} 25. Ra4 {[%emt 0:00:01]} Qd7 {[%emt 0:03:16]} 26. Rd4 {[%emt 0:07:29]} f6 {[%emt 0:01:15]} 27. Qe3 {[%emt 0:01:31]} Rc6 {[%emt 0:00:26]} 28. Rd2 {[%emt 0:02:33]} Qc7 {[%emt 0:02:13]} 29. Ra1 {[%emt 0:02:53]} a6 {[%emt 0:01:42]} 30. h4 {[%emt 0:01:59]} Rd8 {[%emt 0:01:02]} 31. h5 {[%emt 0:02:40]} Kg7 {[%emt 0:00:59]} 32. Ra4 {[%emt 0:03:32]} g5 {[%emt 0:02:44]} 33. f4 {[%emt 0:03:14]} h6 {[%emt 0:00:35]} 34. Rad4 {[%emt 0:04:12]} Qf7 {[%emt 0:03:31]} 35. Qf3 {[%emt 0:02:18]} Rc5 {[%emt 0:14:07]} 36. b4 {[%emt 0:05:52]} Rc6 {[%emt 0:05:39]} 37. f5 {[%emt 0:01:20]} exf5 {[%emt 0:02:53]} 38. Nxd5 {[%emt 0:05:11]} Qe6 {[%emt 0:04:01]} 39. Rd1 {[%emt 0:00:46]} Qe5 {[%emt 0:00:31]} 40. Qf2 {[%emt 0:00:42]} Re8 {[%emt 0:00:29]} 41. Nb6 {[%emt 0:00:16]} Re7 {[%emt 0:00:46]} 42. Nc4 {[%emt 0:00:30]} Qe2 {[%emt 0:00:46]} 43. Qxe2 {[%emt 0:00:27]} Rxe2 {[%emt 0:01:10]} 44. Rd7+ {[%emt 0:00:33]} Kf8 {[%emt 0:00:17]} 45. Rd8+ {[%emt 0:00:20]} Kf7 {[%emt 0:00:39]} 46. Nd6+ {[%emt 0:00:30]} 1-0